000
00285nam a22001217a 4500
020
_a
NA
082
_2
22
_a
573.8521
100
_a
Eliasmith, Chris and Anderson, Charles H.
245
_a
Neural engineering /
260
_b
Prentice Hall,
_c
c2005.
300
_a
0
_b
ill. ;
942
_2
ddc
_c
EE
999
_c
4328
_d
4328